[Event "Tambov Korensky Memorial 21st"]
[Site "Tambov"]
[Date "2012.08.23"]
[Round "6"]
[White "Najdin, Danil"]
[Black "Nikolaev, Alexey S"]
[Result "1-0"]
[WhiteElo "1987"]
[BlackElo "1997"]
[PlyCount "73"]
[EventDate "2012.08.18"]
[EventType "swiss"]
[EventRounds "9"]
[EventCountry "RUS"]
[SourceTitle "CBM 150 Extra"]
[Source "ChessBase"]
[SourceDate "2012.10.19"]
[SourceVersion "1"]
[SourceVersionDate "2012.10.19"]
[SourceQuality "1"]

1. d4 d5 2. Nf3 Nf6 3. e3 e6 4. Bd3 Be7 5. b3 0-0 6. Bb2 b6 7. 0-0 Bb7 8. Ne5 Nbd7 9. f4 c5 10. Nd2 cxd4 11. exd4 Rc8 12. Qe2 Bb4 13. Rf3 Bxd2 14. Qxd2 Ne4 15. Qe2 f5 16. Rh3 Ndf6 17. Ba3 Re8 18. Qe1 a6 19. Qh4 h6 20. Rf1 b5 21. Qe1 Qb6 22. Bb2 b4 23. g4 fxg4 24. Rh4 h5 25. h3 g3 26. Bxe4 Nxe4 27. Qe2 Nf6 28. f5 a5 29. Rf3 Qc7 30. c3 bxc3 31. Rxc3 Qb6 32. Rxg3 Ba6 33. Rxg7+ Kxg7 34. Qg2+ Kf8 35. Ba3+ Re7 36. Qg6 Ng4 37. Qf7# 1-0

[Event "Tambov Korensky Memorial 21st"]
[Site "Tambov"]
[Date "2012.08.22"]
[Round "5"]
[White "Nikolaev, Alexey S"]
[Black "Larin, Vladimir P"]
[Result "1/2-1/2"]
[WhiteElo "1997"]
[BlackElo "2142"]
[PlyCount "123"]
[EventDate "2012.08.18"]
[EventType "swiss"]
[EventRounds "9"]
[EventCountry "RUS"]
[SourceTitle "CBM 150 Extra"]
[Source "ChessBase"]
[SourceDate "2012.10.19"]
[SourceVersion "1"]
[SourceVersionDate "2012.10.19"]
[SourceQuality "1"]

1. e4 d6 2. d4 Nf6 3. Nc3 g6 4. Be2 Bg7 5. h4 h5 6. Bg5 Nbd7 7. Bf3 a6 8. Nge2 Rb8 9. Qd2 b5 10. Ng3 Nb6 11. Rd1 Ng4 12. Qe2 f6 13. Bc1 Be6 14. b3 Bd7 15. a3 e5 16. dxe5 Nxe5 17. Be3 Nc8 18. Qd2 Ne7 19. Be2 Ng4 20. Bf4 0-0 21. f3 Ne5 22. Bh6 Qe8 23. Bxg7 Kxg7 24. 0-0 Qf7 25. f4 Ng4 26. f5 gxf5 27. exf5 Rh8 28. Bxg4 hxg4 29. h5 Rxh5 30. Qf4 Rh4 31. Rde1 Rbh8 32. Kf2 Bc6 33. Nce4 Nd5 34. Qd2 Kf8 35. Qd4 Rh2 36. Rh1 Nf4 37. Rxh2 Rxh2 38. Rh1 Rxg2+ 39. Ke3 Rxg3+ 40. Nxg3 Bxh1 41. Kxf4 Bf3 42. c4 Qe7 43. cxb5 axb5 44. Nh5 Qe5+ 45. Qxe5 dxe5+ 46. Ke3 Ke7 47. a4 bxa4 48. bxa4 Bb7 49. a5 c5 50. Kd3 Ba6+ 51. Ke3 c4 52. Ng3 Bb7 53. Nh5 Ba6 54. Ng3 c3 55. Ne4 Bb7 56. Nxc3 Kd6 57. Ne2 Kc5 58. Ng3 Bc8 59. Ke4 Kb5 60. Nh5 Kxa5 61. Nxf6 Bxf5+ 62. Ke3 1/2-1/2

[Event "Tambov Korensky Memorial 19th"]
[Site "Tambov"]
[Date "2010.08.27"]
[Round "7"]
[White "Temnov, Mikhail"]
[Black "Nikolaev, Alexey S"]
[Result "1/2-1/2"]
[WhiteElo "2050"]
[BlackElo "2040"]
[PlyCount "91"]
[EventDate "2010.08.21"]
[EventType "swiss"]
[EventRounds "9"]
[EventCountry "RUS"]
[SourceTitle "EXT 2022"]
[Source "ChessBase"]
[SourceDate "2021.10.06"]
[SourceVersion "1"]
[SourceVersionDate "2021.10.06"]
[SourceQuality "1"]

1. e4 e5 2. Nf3 Nc6 3. Bb5 Bc5 4. 0-0 Nd4 5. Nxd4 Bxd4 6. c3 Bb6 7. d4 c6 8. Ba4 d6 9. dxe5 dxe5 10. Qe2 Nf6 11. Bg5 Qe7 12. h3 Be6 13. Nd2 h6 14. Be3 0-0 15. Bb3 Rfd8 16. Rfd1 Bc7 17. Bc2 c5 18. Bb3 b6 19. f3 Nh5 20. Rac1 Nf4 21. Bxf4 exf4 22. Bxe6 Qxe6 23. b3 Rd7 24. Nc4 Rad8 25. a4 Be5 26. Rxd7 Rxd7 27. Nxe5 Qxe5 28. Rc2 Qd6 29. Kf1 Kf8 30. Ke1 Ke7 31. Rd2 Qxd2+ 32. Qxd2 Rxd2 33. Kxd2 Kd6 34. Kd3 f6 35. b4 cxb4 36. cxb4 a6 37. Kc4 Kc6 38. Kd4 Kd6 39. h4 h5 40. Kc4 Kc6 41. b5+ axb5+ 42. axb5+ Kd6 43. Kd4 Ke6 44. Kd3 Ke5 45. Kc4 g6 46. Kd3 1/2-1/2

[Event "Tambov Korensky Memorial 18th"]
[Site "Tambov"]
[Date "2009.08.27"]
[Round "6"]
[White "Petrov, Alexander V"]
[Black "Nikolaev, Alexey S"]
[Result "1-0"]
[WhiteElo "2177"]
[BlackElo "2032"]
[PlyCount "75"]
[EventDate "2009.08.22"]
[EventType "swiss"]
[EventRounds "9"]
[EventCountry "RUS"]
[SourceTitle "CBM 132 Extra"]
[Source "ChessBase"]
[SourceDate "2009.11.03"]
[SourceVersion "1"]
[SourceVersionDate "2009.11.03"]
[SourceQuality "1"]

1. e4 e5 2. Nf3 Nc6 3. d4 exd4 4. c3 d5 5. exd5 Qxd5 6. cxd4 Bb4+ 7. Nc3 Bg4 8. Be2 0-0-0 9. 0-0 Bxc3 10. bxc3 Nf6 11. h3 Bh5 12. Be3 Qa5 13. Qb3 Qb6 14. Qc2 Bg6 15. Qc1 Qa5 16. Re1 Rhe8 17. c4 Ne4 18. d5 Ne7 19. Nd4 Qc3 20. Qd1 Qa5 21. Bg4+ Kb8 22. a4 c5 23. dxc6 Nxc6 24. Nxc6+ bxc6 25. Qe2 Ka8 26. Bf3 Qc7 27. Qb2 f6 28. a5 Qe5 29. Qc1 Rd6 30. Bf4 Qc5 31. Bxd6 Qxd6 32. Qa3 Qd4 33. Bxe4 Rxe4 34. Rxe4 Qxe4 35. a6 Qe8 36. Qb4 Qc8 37. Rd1 c5 38. Rd8 1-0